Výroční správa Československé obchodní a průmyslové komory za rok 1979

Guardado en:
Detalles Bibliográficos
Formato: Libro
Lenguaje:checo
Publicado: Praha Československá obchodní a průmyslová komora 1980
Etiquetas: Agregar Etiqueta
Sin Etiquetas, Sea el primero en etiquetar este registro!

MARC

LEADER 00000nam a2200000 4500
001 0222656
005 20250526110613.4
041 0 |a cze 
044 |a CZ 
245 1 0 |a Výroční správa Československé obchodní a průmyslové komory za rok 1979 
264 1 |a Praha  |b Československá obchodní a průmyslová komora  |c 1980 
300 |a 143 s.